Tablettes génèalogiques, historiques, héraldiques de Flandres / (Record no. 126445)
[ view plain ]
| 000 -LEADER | |
|---|---|
| campo de control de longitud fija | 00689nam a2200193 i 4500 |
| 001 - NÚMERO DE CONTROL | |
| campo de control | 126445 |
| 003 - IDENTIFICADOR DE NÚMERO DE CONTROL | |
| campo de control | ES-MaACL |
| 005 - FECHA Y HORA DE LA ÚLTIMA TRANSACCIÓN | |
| campo de control | 20230906192824.0 |
| 007 - CAMPO FIJO DE DESCRIPCIÓN FÍSICA--INFORMACIÓN GENERAL | |
| campo de control de longitud fija | t| |
| 008 - DATOS DE LONGITUD FIJA--INFORMACIÓN GENERAL | |
| campo de control de longitud fija | 070214m19481957be r ||||1| fre d |
| 245 00 - MENCIÓN DEL TÍTULO | |
| Título | Tablettes génèalogiques, historiques, héraldiques de Flandres / |
| Mención de responsabilidad, etc. | editées par Ch. van Renynghe de Voxvrie. |
| 250 ## - MENCION DE EDICION | |
| Mención de edición | 2e et dernière ed. |
| 260 ## - PUBLICACIÓN, DISTRIBUCIÓN, ETC. | |
| Lugar de publicación, distribución, etc. | Bruges : |
| Nombre del editor, distribuidor, etc. | [s. n.], |
| Fecha de publicación, distribución, etc. | 1948-57 ( |
| Fabricante | Presses A. et L. Fockenier) |
| 300 ## - DESCRIPCIÓN FÍSICA | |
| Extensión | 6 v., 97 lám. ; |
| Dimensiones | 21 cm. |
| 651 #4 - PUNTO DE ACCESO ADICIONAL DE MATERIA--NOMBRE GEOGRÁFICO | |
| Nombre geográfico | Flandes (Bélgica)- |
| Subdivisión general | Historia. |
| 9 (RLIN) | 157787 |
| 651 #4 - PUNTO DE ACCESO ADICIONAL DE MATERIA--NOMBRE GEOGRÁFICO | |
| Nombre geográfico | Flandes (Bélgica)- |
| Subdivisión general | Genealogía. |
| 9 (RLIN) | 157788 |
| 700 1# - ENTRADA AGREGADA--NOMBRE PERSONAL | |
| Nombre de persona | Renynghe de Voxvrie, Ch. van. |
| 9 (RLIN) | 96246 |
| 852 ## - LOCALIZACIÓN | |
| Ubicación | ES-MaACL |
| Número de control de estantería | C-29362-67 |
| Sublocalización o colección | R.40133 |
| Estatus retirado | Estado de pérdida | Estado de daño | No para préstamo | Biblioteca de origen | Biblioteca actual | Ubicación en estantería | Fecha de adquisición | Fuente de adquisición | Total de préstamos | Signatura topográfica completa | Código de barras | Visto por última vez | Precio de reemplazo | Tipo de ítem Koha |
|---|---|---|---|---|---|---|---|---|---|---|---|---|---|---|
| Biblioteca del Ateneo de Madrid | Biblioteca del Ateneo de Madrid | Depósito 2 | 17/01/2008 | C-29362-67 | 1131701 | 23/02/2023 | 23/02/2023 | Libro impreso |
